Ciencias exactas, naturales y ridículas : de cómo los científicos pueden hacer descubrimientos inesperados, profundos, increíbles... e inútiles /

La colección Ciencia que ladra… publicada por Siglo XXI en Argentina, se plantea como finalidad la divulgación científica dirigida a todo público, desde niños y sus maestros hasta adultos y toda persona interesada en el mundo de la ciencia que no necesariamente tiene una formación científica. La col...

Celý popis

Uloženo v:
Podrobná bibliografie
Hlavní autor: Launet, Edouard (autor)
Další autoři: Golombek, Diego (presentación) (presentación)
Médium: Kniha
Jazyk:španělština
Vydáno: Buenos Aires, Argentina : Siglo XXI, 2014, c2014
Edice:(Ciencia que Ladra... ; 55)
Témata:
Tagy: Přidat tag
Žádné tagy, Buďte první, kdo vytvoří štítek k tomuto záznamu!

MARC

LEADER 00000nam^a2200000^a^4500
001 000555323
005 20250521000000.0
009 20260310131715.547
020 |a 978-987-629-366-2 
037 |a Acervo ITESO - Biblioteca 
041 |a ESP 
091 |a SLP. 00142 
100 |a Launet, Edouard  |e (autor) 
245 1 0 |a Ciencias exactas, naturales y ridículas :  |b de cómo los científicos pueden hacer descubrimientos inesperados, profundos, increíbles... e inútiles /  |c E. Launet ; presen. de D. Golombek ; tr. por María de la Paz Georgiadis. 
264 4 |a Buenos Aires, Argentina :  |b Siglo XXI,  |c 2014, c2014 
300 |a 126 p. 
336 |a texto  |b txt  |2 rdacontenido 
337 |a sin mediación  |b n  |2 rdamedio 
338 |a volumen  |b nc  |2 rdasoporte 
440 1 |a (Ciencia que Ladra... ;  |v 55) 
500 |a Traducción de: Au fond du labo à gauche. De la vraie science pour rire 
520 |a La colección Ciencia que ladra… publicada por Siglo XXI en Argentina, se plantea como finalidad la divulgación científica dirigida a todo público, desde niños y sus maestros hasta adultos y toda persona interesada en el mundo de la ciencia que no necesariamente tiene una formación científica. La colección está dividida en dos series: serie clásica y serie mayor. La primera contiene textos que se caracterizan por mostrar fenómenos científicos en temas de la vida cotidiana; la serie mayor incluye textos más extensos donde se desarrollan temas en mayor profundidad, así como traducciones de obras de autores extranjeros. Esta colección la inició en 2002 el biólogo y divulgador científico Diego Golombek, en conjunto con la Universidad Nacional de Quilmes, en Buenos Aires. 
649 |a XX 
650 |a Científicos 
650 |a Investigadores 
650 |a Investigación 
650 |a Ciencias Naturales 
650 |a Ciencia -  |x Difusión -  |x Tema Principal 
650 |a Sociología de la Ciencia -  |x Tema Principal 
700 |a Golombek, Diego  |e (presentación) 
910 |a Fondo General 
920 |a Impresos - Libros 
930 |a Sala de Lectura por Placer 
905 |a 132 
901 |a 0500340042  |b IT2  |c SLP  |i SL 152  |u 20250521 
902 |a https://opac.biblio.iteso.mx/vufind/Record/000555323